• 首页
  • 本馆介绍
  • 公告通知
  • 最新文献
  • 馆藏检索
  • 电子资源
  • 读者导购
  • 参考咨询
  • 我的图书馆
  • 登录
  • 详细信息显示
  • 放入我的书架
  • 预约/预借图书
  • 作者相关作品
  • 分类相关作品
  • 丛书相关作品
  • 出版社相关作品

书目信息

  • 表格格式
  • 工作单格式
  • 卡片格式
题名:
汽车制造工艺
    
 
作者: 艾建军 , 高韶坤 主编
分册:  
出版信息: 大连   大连理工大学出版社  2016.1
页数: 233页
开本: 26cm
丛书名:
单 册:
中图分类: U466
科图分类:
主题词: 汽车--生产工艺--高等职业教育--教材
电子资源:
ISBN: 978-7-5685-0097-5
000 00910nam0 2200265 450
001 0400003388
005 20171022091756.0
010    @a978-7-5685-0097-5@dCNY34.00
100    @a20160510d2016 em y0chiy50 ea
101 0  @achi
102    @aCN@b210000
105    @aa z 000yy
106    @ar
200 1  @a汽车制造工艺@9qi che zhi zao gong yi@f主编艾建军,高韶坤
210    @a大连@c大连理工大学出版社@d2016.1
215    @a233页@c图@d26cm
300    @a“十二五”职业教育国家规划教材
304    @a新世纪高职高专教材编审委员会组编
330    @a本书共六个项目,内容包括:设计发动机缸体加工工艺、设计曲轴加工工艺、设计发动机连杆加工工艺、设计汽车车轮制造工艺、设计汽车车身制造工艺等。
606 0  @a汽车@x生产工艺@x高等职业教育@j教材
690    @aU466@v5
701  0 @a艾建军@9ai jian jun@4主编
701  0 @a高韶坤@9gao shao kun@4主编
801  0 @aCN@b91MARC@c20171022
905    @b1033676-80@dU466@f5@e563
    
    汽车制造工艺/主编艾建军,高韶坤.-大连:大连理工大学出版社,2016.1
    233页:图;26cm
    “十二五”职业教育国家规划教材
    
    ISBN 978-7-5685-0097-5:CNY34.00
    本书共六个项目,内容包括:设计发动机缸体加工工艺、设计曲轴加工工艺、设计发动机连杆加工工艺、设计汽车车轮制造工艺、设计汽车车身制造工艺等。
●
相关链接 在E读中查询图书 在五车中查询图书 在当当中查询图书 在豆瓣中查询图书


正题名:汽车制造工艺     索取号:U466/563         预约/预借

序号 登录号 条形码 馆藏地/架位号 状态 备注
1 1033676   210336769   第二样本阅览室/ [索取号:U466/563] 在馆    
2 1033677   210336778   密集书库-物理学院/ [索取号:U466/563] 在馆    
3 1033678   210336787   第三借阅区/ [索取号:U466/563] 在馆    
4 1033679   210336796   第三借阅区/ [索取号:U466/563] 在馆    
5 1033680   210336803   第三借阅区/ [索取号:U466/563] 在馆    
唐山师范学院图书馆 欢迎您!
大连网信软件有限公司© 版权所有